Most Peaceful Countries - Statistics

General Stats
  • This quiz has been taken 104 times
  • The average score is 14 of 20
Answer Stats
Ranking Country % Correct
9 Sweden
93%
11 Norway
90%
7 Finland
89%
2 Denmark
87%
5 Switzerland
84%
16 Australia
83%
1 Iceland
83%
8 Canada
79%
3 New Zealand
79%
15 Germany
76%
12 Ireland
75%
4 Austria
70%
10 Belgium
68%
18 Portugal
67%
6 Japan
63%
14 Czech Republic
59%
13 Slovenia
52%
17 Singapore
45%
20 Bhutan
32%
19 Qatar
24%
No matching quizzes found
Score Distribution
Percent of People with Each Score
Percentile by Number Answered
Your Score History
You have not taken this quiz